| 000 | 00543nam a22001937a 4500 | ||
|---|---|---|---|
| 005 | 20250325074153.0 | ||
| 008 | 250325b |||||||| |||| 00| 0 eng d | ||
| 020 | _a9789380357225 | ||
| 040 |
_aIN-DiNC _cIN-DiNC |
||
| 041 | _dben | ||
| 082 |
_a491.44 _bCHA |
||
| 100 |
_aChakma, Kusum _eauthor |
||
| 245 |
_aChakma bhasha - sahitya u lipi charcha/ _cby Kusum Chakma |
||
| 250 | _a1st ed. | ||
| 260 |
_aAgartala: _bNaba chandana prakashani, _c2011. |
||
| 300 | _a96p. | ||
| 650 | _aChakma language, literature and script | ||
| 942 |
_2ddc _cBK |
||
| 999 |
_c12177 _d12177 |
||